| 000 -LEADER |
| fixed length control field |
00789nam a2200241Ia 4500 |
| 001 - CONTROL NUMBER |
| control field |
19378 |
| 003 - CONTROL NUMBER IDENTIFIER |
| control field |
GE_BSU |
| 008 - FIXED-LENGTH DATA ELEMENTS--GENERAL INFORMATION |
| fixed length control field |
181216s||||||||xx |||||||||||||| ||und|| |
| 040 ## - CATALOGING SOURCE |
| Transcribing agency |
GE_BSU |
| 080 ## - UNIVERSAL DECIMAL CLASSIFICATION NUMBER |
| Universal Decimal Classification number |
622.24(032) |
| 100 ## - MAIN ENTRY--PERSONAL NAME |
| Personal name |
Вадецкий,Ю,В |
| 245 ## - TITLE STATEMENT |
| Title |
Бурение нефтяных и газовых скважин |
| 245 ## - TITLE STATEMENT |
| Remainder of title |
учебник для техникумов |
| 245 ## - TITLE STATEMENT |
| Statement of responsibility, etc. |
Ред:С. М.Кашекова |
| 260 ## - PUBLICATION, DISTRIBUTION, ETC. |
| Place of publication, distribution, etc. |
Москва |
| 260 ## - PUBLICATION, DISTRIBUTION, ETC. |
| Name of publisher, distributor, etc. |
Недра |
| 260 ## - PUBLICATION, DISTRIBUTION, ETC. |
| Date of publication, distribution, etc. |
1978 |
| 300 ## - PHYSICAL DESCRIPTION |
| Extent |
471стр,таб,ил,21см |
| 653 ## - INDEX TERM--UNCONTROLLED |
| Uncontrolled term |
Бурение нефтяных и газовых скважин |
| 653 ## - INDEX TERM--UNCONTROLLED |
| Uncontrolled term |
ინჟინერია |
| 653 ## - INDEX TERM--UNCONTROLLED |
| Uncontrolled term |
ნავთობისა და გაზის ჭაბურღილები |
| 942 ## - ADDED ENTRY ELEMENTS (KOHA) |
| Koha item type |
წიგნი |